Le livre de I'Auto

Salvato in:
Dettagli Bibliografici
Natura: Libro
Lingua:Undetermined
Pubblicazione: France S. A. Chocolat Tobler 1950
Soggetti:
Tags: Aggiungi Tag
Nessun Tag, puoi essere il primo ad aggiungerne! !
Thư viện lưu trữ: Trung tâm Học liệu Trường Đại học Cần Thơ
LEADER 00443nam a2200169Ia 4500
001 CTU_111863
008 210402s9999 xx 000 0 und d
082 |a 629.2 
082 |b L788 
245 0 |a Le livre de I'Auto 
260 |a France 
260 |b S. A. Chocolat Tobler 
260 |c 1950 
650 |a Automobile industry and trade 
650 |x Cost control 
904 |i M.Loan 
980 |a Trung tâm Học liệu Trường Đại học Cần Thơ